<?xml version="1.0" encoding="UTF-8"?>
<record
    xmlns:xsi="http://www.w3.org/2001/XMLSchema-instance"
    xsi:schemaLocation="http://www.loc.gov/MARC21/slim http://www.loc.gov/standards/marcxml/schema/MARC21slim.xsd"
    xmlns="http://www.loc.gov/MARC21/slim">

  <leader>01676nam a2200313 a 4500</leader>
  <controlfield tag="001">ASIN0241145392</controlfield>
  <controlfield tag="005">20170105102932.0</controlfield>
  <controlfield tag="008">150313s2011    xxu                 eng d</controlfield>
  <datafield tag="020" ind1=" " ind2=" ">
    <subfield code="a">0241145392 (paperback)</subfield>
  </datafield>
  <datafield tag="020" ind1=" " ind2=" ">
    <subfield code="a">9780241145395 (paperback)</subfield>
  </datafield>
  <datafield tag="040" ind1=" " ind2=" ">
    <subfield code="a">0</subfield>
  </datafield>
  <datafield tag="050" ind1="0" ind2="4">
    <subfield code="a">E183.7</subfield>
  </datafield>
  <datafield tag="082" ind1="0" ind2="4">
    <subfield code="a">320</subfield>
    <subfield code="b">CHO 2011</subfield>
  </datafield>
  <datafield tag="100" ind1="1" ind2=" ">
    <subfield code="a">Chomsky, Noam.</subfield>
  </datafield>
  <datafield tag="245" ind1="1" ind2="0">
    <subfield code="a">How the world works /</subfield>
    <subfield code="c">Noam Chomsky.</subfield>
  </datafield>
  <datafield tag="260" ind1=" " ind2=" ">
    <subfield code="a">[S.l.] :</subfield>
    <subfield code="b">Hamish Hamilton,</subfield>
    <subfield code="c">2011.</subfield>
  </datafield>
  <datafield tag="300" ind1=" " ind2=" ">
    <subfield code="a">335 p. ;</subfield>
    <subfield code="c">22 cm.</subfield>
  </datafield>
  <datafield tag="520" ind1=" " ind2=" ">
    <subfield code="a">WITH EXCEPTIONAL CLARITY AND POWER OF ARGUMENT, NOAM CHOMSKY LAYS BARE AS NO ONE ELSE CAN THE REALITIES OF CONTEMPORARY GEOPOLITICS. DIVIDED INTO FOUR SECTIONS, ORIGINALLY PUBLISHED IN THE US ONLY AS INDIVIDUAL SHORT BOOKS, COLLECTIVELY SELLING OVER HALF A MILLION COPIES, HOW THE WORLD WORKS COVERS: WHAT UNCLE SAM REALLY WANTS (THE CIPS GOALS OF US FOREIGN POLICY; THE DEVASTATION CAUSED ABROAD; THE BRAINWASHING AT HOME); THE PROSPEROUS FEW AND THE RESTLESS MANY (THE NEW GLOBAL ECONOMY; FOOD AND THIRD WORLD ECONOMIC MIRACLES ; THE ROOTS OF RACISM); SECRETS, LIES AND DEMOCRACY ( THE US, THE CIA, RELIGIOUS FUNDAMENTALISM; GLOBAL INEQUALITY; THE COMING ECO-CATASTROPHE); THE COMMON GOOD (EQUALITY, FREEDOM, THE MEDIA; THE MYTH OF THIRD WORLD DEBT; MANUFACTURING DISSENT).</subfield>
  </datafield>
  <datafield tag="650" ind1=" " ind2="0">
    <subfield code="a">Geopolitics</subfield>
  </datafield>
  <datafield tag="650" ind1=" " ind2="0">
    <subfield code="a">International economic relations</subfield>
  </datafield>
  <datafield tag="650" ind1=" " ind2="0">
    <subfield code="a">International relations</subfield>
  </datafield>
  <datafield tag="650" ind1=" " ind2="0">
    <subfield code="a">Political and social views</subfield>
  </datafield>
  <datafield tag="650" ind1=" " ind2="0">
    <subfield code="a">Political science</subfield>
  </datafield>
  <datafield tag="650" ind1=" " ind2="0">
    <subfield code="a">Social policy</subfield>
  </datafield>
  <datafield tag="650" ind1=" " ind2="0">
    <subfield code="a">United States</subfield>
  </datafield>
  <datafield tag="650" ind1=" " ind2="0">
    <subfield code="a">World politics</subfield>
  </datafield>
  <datafield tag="856" ind1="4" ind2="0">
    <subfield code="3">Amazon.com</subfield>
    <subfield code="u">http://www.amazon.com/exec/obidos/ASIN/0241145392/chopaconline-20</subfield>
  </datafield>
  <datafield tag="942" ind1=" " ind2=" ">
    <subfield code="2">ddc</subfield>
    <subfield code="c">BK</subfield>
  </datafield>
  <datafield tag="999" ind1=" " ind2=" ">
    <subfield code="c">16103</subfield>
    <subfield code="d">16103</subfield>
  </datafield>
  <datafield tag="952" ind1=" " ind2=" ">
    <subfield code="0">0</subfield>
    <subfield code="1">0</subfield>
    <subfield code="2">ddc</subfield>
    <subfield code="4">0</subfield>
    <subfield code="7">0</subfield>
    <subfield code="8">NFIC</subfield>
    <subfield code="a">CIPS</subfield>
    <subfield code="b">CIPS</subfield>
    <subfield code="c">GEN</subfield>
    <subfield code="d">2013-09-10</subfield>
    <subfield code="l">1</subfield>
    <subfield code="m">1</subfield>
    <subfield code="o">320 CHO 2011</subfield>
    <subfield code="p">CIPS0001301</subfield>
    <subfield code="r">2018-07-02</subfield>
    <subfield code="s">2018-05-21</subfield>
    <subfield code="y">BK</subfield>
  </datafield>
</record>
